Návrh a výroba súčiastky 3 a 5 osovým frézovaním
Na minha lista:
| Autor principal: | |
|---|---|
| Outros Autores: | |
| Formato: | Manuscrito Livro |
| Idioma: | eslovaco |
| Publicado em: |
2024
|
| Assuntos: | |
| Acesso em linha: | http://is.stuba.sk/zp/portal_zp.pl?podrobnosti=169290 |
| Tags: |
Sem tags, seja o primeiro a adicionar uma tag!
|
MARC
| LEADER | 00000ntm a22000003a 4500 | ||
|---|---|---|---|
| 001 | stuzp98001 | ||
| 003 | SK-STU | ||
| 005 | 20240629211703.1 | ||
| 007 | ta | ||
| 008 | 150427s2015----xo-----f-mn---000-0-slo-d | ||
| 040 | |a STU |b slo | ||
| 041 | 0 | |a slo | |
| 100 | 1 | |a Chovanec, Lukáš |u 063000 |4 aut |U MTF Materiálovotechnologická fakulta |T MTF Ústav výrobných technológií |X 116507 |U M3000 |Y 83 |7 116507 | |
| 242 | 0 | 1 | |a Design and production of part by 3 and 5 axis milling |y eng |
| 245 | 1 | 0 | |a Návrh a výroba súčiastky 3 a 5 osovým frézovaním |
| 260 | |c 2024 | ||
| 650 | 4 | |a Stratégie frézovania |2 slo | |
| 650 | 4 | |a Frézovanie |2 slo | |
| 650 | 4 | |a CNC stroje |2 slo | |
| 650 | 4 | |a Milling |2 eng | |
| 650 | 4 | |a CNC machines |2 eng | |
| 650 | 4 | |a Milling strategies |2 eng | |
| 700 | 1 | |a Pätoprstý, Boris |u 063200 |k Z8 |4 ths |U MTF Ústav výrobných technológií |T MTF Katedra obrábania a počítačovej podpory technológií |X 71556 |U M3200 |Y 164 |7 71556 | |
| 856 | 4 | |u http://is.stuba.sk/zp/portal_zp.pl?podrobnosti=169290 | |
| 996 | |c M* BP-9760 |l MMSKP |s P |a 0 |w stuzp98001_0001 | ||